000 00902cam a22002533a 4500
001 2138
003 PGUSA
005 20140828083011.0
008 000401s2000||||xxu|||||s|||||000 1 eng d
040 _aPGUSA
_beng
042 _adc
050 4 _aPR
100 1 _aKipling, Rudyard,
_d1865-1936
245 1 4 _aThe Day's Work - Part 01
_h[electronic resource] /
_cRudyard Kipling
260 _bProject Gutenberg,
_c2000
505 0 _aThe bridge-builders -- A walking delegate -- The ship that found herself -- The tomb of his ancestors -- The devil and the deep sea -- William the Conqueror -- The son of his father -- The bridge-builders.
506 _aPublic domain in the USA.
516 _aElectronic text
653 _aShort stories, English
653 _aManners and customs -- Fiction
830 0 _aProject Gutenberg
_v2138
856 4 0 _uhttp://www.gutenberg.org/ebooks/2138
942 _cEB
999 _c231476
_d231476